Trudne Flagi cz.II - Statystyki

Ogólne statystyki
  • Ten quiz został rozwiązany 63 razy
  • Średni wynik to 7 z 16
Statystyki odpowiedzi
Obrazkowy Odpowiedź % Poprawnych
Portoryko
89%
Aruba
77%
Curacao
73%
Tokelau
59%
Anguilla
57%
Reunion
55%
Kajmany
50%
Gwadelupa
48%
Martynika
45%
Montserrat
43%
Saint Pierre i Miquelon
25%
Alandy
23%
Saint Eustatius
9%
Wyspa Księcia Edwarda
7%
Nowa Martynika
2%
Brytyjskie Wyspy Dziewicza
0%
Nie znaleziono quizów pasujących do podanych kryteriów
Rozkład punktacji
Procent ludzi z każdym wynikiem
Percentyl według liczby udzielonych odpowiedzi
Twoja historia wyników
Nie rozwiązałeś tego quizu